Una aproximación a la reforma del procedimiento administrativo (Registro nro. 32733)

Detalles MARC
000 -LEADER
fixed length control field 00444 a2200109 4500
001 - CONTROL NUMBER
control field ART_61444
005 - DATE AND TIME OF LATEST TRANSACTION
control field 20260410162017.0
008 - FIXED-LENGTH DATA ELEMENTS--GENERAL INFORMATION
fixed length control field 260409a
100 1# - MAIN ENTRY--PERSONAL NAME
Personal name Balbín, Carlos Francisco
245 10 - TITLE STATEMENT
Title Una aproximación a la reforma del procedimiento administrativo
773 0# - HOST ITEM ENTRY
Title Temas de derecho administrativo
Related parts Edición especial: Ley bases y la reforma del procedimiento administrativo - Año 9, N° 10 (oct. 2024)
Record control number REV40468

No hay ítems disponibles.